| 000 | 01158nam1a2200313 i 4500 | ||
|---|---|---|---|
| 001 | RU\NLR\bibl\140519 | ||
| 005 | 20240920062442.0 | ||
| 035 | _a(NLR Aleph) 000137656 | ||
| 090 |
_a787254 _c787254 |
||
| 100 | _a20010315g199 9999u y0rusy50 ca | ||
| 101 | 0 | _arus | |
| 102 | _aRU | ||
| 105 | _aa ||||||||| | ||
| 200 | 1 |
_aКнига памяти нижегородцев, павших в Великой Отечественной войне 1941-1945 годов _eРос. Федерация, Нижегород. обл. |
|
| 210 |
_aН.Новгород _cНижполиграф _d2000 |
||
| 215 | _d24 | ||
| 463 | 0 | _1001118314 | |
| 463 | 0 | _1001879031 | |
| 463 | 0 | _10011674660 | |
| 606 | 1 |
_aВеликая Отечественная война _jКниги памяти _xГерои и героизм _yГорький, город _z1941 - 1945 _92198048 _3RU\NLR\AUTH\661320982 |
|
| 686 | 1 | _aТ3(2)722.78 | |
| 686 | 1 | _aТ3(2Р-4Ни)722 | |
| 686 | 1 | _aЦ35(2)722-424д(2Р-4Г) | |
| 801 | 0 |
_aRU _bNLR _c20010315 _gPSBO |
|
| 801 | 1 |
_aRU _bNLR _c20010315 |
|
| 852 |
_aNLR _jС К-3/290 |
||
| 942 | _cBOOK | ||